1590 1958 1578 1796 1406 1231 1510 1692 1997 1666 1980 1862 1486 1376 1796 1543 1556 1630 1992 1351 1310 1705 1651 1743 1842 1885 1237 1658 1845 1986 1329 1025 1028 1018 1081 1418 1953 1210 1520 1250 1362 1183 1882 1323 1876 1366 1836 1089 1047 1884 1478 1519 1425 1033 1684 1306 1419 1645 1331 1026 1276 1412 1785 1976 1610 1961 1161 1519 1210 1532 1836 1939 1328 1555 1551 1867 1976 1939 1780 1593 1774 1478 1033 1521 1550 1137 1892 1641 1660 1880 1778 1038 1023 1513 1891 1194 1660 1599 1670 BCNSPRNW ULIB Ver.6.0+V

เปลี่ยนเป็นภาษาไทย

Change to English
 แสดงรายละเอียดบรรณานุกรม
  กลับหน้าหลัก

Brief Record : Get Marc (ISO 2709) : E-mail record : QR code < ปิดหน้าต่าง
LEADER : 01174nam 2200277 a 4500
001    13399112529
003     ULIB
008    030417s2554 caua sb 001 0 tha
020    ^a9786165000697
099    นว.^bช465อ 2554
100    ^aชาครีย์นรทิพย์
245    ^aอาณาจักร์แห่งเม็ดทราย/^cชาครีย์นรทิพย์
260    กรุงเทพฯ:^bพิมพ์คำ,^c2554
300    504 sohk
945    ^p0^l0^i030458
995    เกษร
999    ^aKey new Using ULIBM easy add form
รายการนี้ยังไม่มีแท็ก
คุณยังไม่ได้ล็อกอิน คุณสามารถมีกิจกรรมร่วมกับเว็บไซต์ได้ แต่ต้องล็อกอินก่อน ::
  ล็อกอิน

รายการสื่อสารสนเทศ

ลำดับที่ ประเภท เลขเรียก/บาร์โค้ด สถานที่ สถานะ
1. นวนิยาย
นวนิยาย
นว. ช465อ 2554  
  Barcode: 030458
ห้องสมุดวิทยาเขตสวรรค์ประชารักษ์
►นวนิยาย
บนชั้น
  ขอยืม

รายการใกล้เคียง
    ผู้แต่ง [ชาครีย์นรทิพย์]

    หัวเรื่อง []

BibComment


ยังไม่เคยถูกคอมเมนท์

คอมเมนท์ทรัพยากรรายการนี้
  คอมเมนท์: อาณาจักร์แห่งเม็..


 Copyright 2026. Bcnsprnw @Library